000
00243nam a22000977a 4500
008
160519b xxu||||| |||| 00| 0 eng d
041
_a
eng
080
_a
547
245
_a
Der organischen chemie;
_c
Bernhard Prager; Paul Jacobson;
942
_2
udc
_c
BK
999
_c
2257
_d
2257